Normal view
MARC view
Entry Topical Term
001 - CONTROL NUMBER
- control field: 13622
003 - CONTROL NUMBER IDENTIFIER
- control field: ARRUPE
005 - DATE AND TIME OF LATEST TRANSACTION
- control field: 20150109112102.0
008 - FIXED-LENGTH DATA ELEMENTS
- fixed length control field: 150109|| aca||aabn | a|a d
040 ## - CATALOGING SOURCE
- Original cataloging agency: ARRUPE
- Transcribing agency: ARRUPE
150 ## - HEADING--TOPICAL TERM
- Topical term or geographic name as entry element: African Americans
- Geographic subdivision: Alabama
- Form subdivision: Biography.
670 ## - SOURCE DATA FOUND
- Source citation: Work cat.: (ARRUPE)0: Shaw, Nate. 13619, All God's dangers :, 1984, c1974.